[Event "Budapest FS05 FM-B"]
[Site "Budapest"]
[Date "2006.05.07"]
[Round "2"]
[White "Mendege, Andras"]
[Black "Keresztes, Balazs"]
[Result "0-1"]
[WhiteElo "1910"]
[BlackElo "2007"]
[PlyCount "119"]
[EventDate "2006.05.06"]
[EventType "tourn"]
[EventRounds "11"]
[EventCountry "HUN"]
[SourceTitle "CBM 112 Extra"]
[Source "ChessBase"]
[SourceDate "2006.07.14"]
[SourceVersion "1"]
[SourceVersionDate "2006.07.14"]
[SourceQuality "1"]

1. e4 c5 2. Nf3 e6 3. d4 cxd4 4. Nxd4 a6 5. Be2 Nf6 6. Bf3 Be7 7. c4 0-0 8. 0-0 d6 9. Nc3 Nbd7 10. Be2 Qc7 11. f4 b6 12. Kh1 Bb7 13. Bd3 Rac8 14. Re1 Rfd8 15. h3 Nc5 16. Bb1 d5 17. cxd5 exd5 18. e5 Nfe4 19. Qf3 Nxc3 20. Qxc3 Ne4 21. Qxc7 Rxc7 22. Bd3 Bb4 23. Rf1 Ng3+ 24. Kg1 Nxf1 25. Kxf1 Rdc8 26. Be3 Bc5 27. Kf2 g6 28. Rd1 Re8 29. Kf3 Ra8 30. g4 Re7 31. g5 Bc8 32. Kg3 Be6 33. Rd2 Rc7 34. Rh2 b5 35. h4 Bxd4 36. Bxd4 Rc1 37. Kf3 Rd1 38. Ke3 Rc8 39. h5 Rcc1 40. Bc3 Rh1 41. Rxh1 Rxh1 42. hxg6 hxg6 43. a3 Kf8 44. Bd4 Ke7 45. a4 Rh3+ 46. Kd2 Bd7 47. axb5 Bxb5 48. Bc2 Ke6 49. Bb1 Bc4 50. Be3 Rh2+ 51. Kc3 Re2 52. Bd2 d4+ 53. Kc2 a5 54. Kd1 d3 55. Bxa5 Rxb2 56. Kc1 Rf2 57. Bd2 Kd5 58. Be1 Rf1 59. Kd2 Ke4 60. Bg3 0-1

[Event "Budapest FS05 FM-B"]
[Site "Budapest"]
[Date "2006.05.06"]
[Round "1"]
[White "Keresztes, Balazs"]
[Black "Czimer, Jozsef"]
[Result "1-0"]
[WhiteElo "2007"]
[BlackElo "1902"]
[PlyCount "41"]
[EventDate "2006.05.06"]
[EventType "tourn"]
[EventRounds "11"]
[EventCountry "HUN"]
[SourceTitle "CBM 112 Extra"]
[Source "ChessBase"]
[SourceDate "2006.07.14"]
[SourceVersion "1"]
[SourceVersionDate "2006.07.14"]
[SourceQuality "1"]

1. e4 c5 2. Nf3 Nc6 3. d4 cxd4 4. Nxd4 Nf6 5. Nc3 d6 6. Bg5 e6 7. Qd2 a6 8. 0-0-0 Bd7 9. f4 Qa5 10. Nb3 Qc7 11. f5 Be7 12. Bd3 Rc8 13. Kb1 Ne5 14. Rhf1 Nc4 15. Bxc4 Qxc4 16. e5 Nd5 17. Bxe7 Nxc3+ 18. bxc3 d5 19. fxe6 Bxe6 20. Bb4 b6 21. Qg5 1-0

[Event "HUN-chT2 Breyer 0506"]
[Site "Hungary"]
[Date "2006.04.09"]
[Round "10"]
[White "Keresztes, Balazs"]
[Black "Novak, Daniel"]
[Result "1-0"]
[WhiteElo "2029"]
[BlackElo "2076"]
[PlyCount "163"]
[EventDate "2005.10.16"]
[EventType "team"]
[EventRounds "11"]
[EventCountry "HUN"]
[SourceTitle "EXT 2009"]
[Source "ChessBase"]
[SourceDate "2008.11.26"]
[SourceVersion "1"]
[SourceVersionDate "2008.11.26"]
[SourceQuality "1"]
[WhiteTeam "Barcza"]
[BlackTeam "Vertesi Eromu"]
[WhiteTeamCountry "HUN"]
[BlackTeamCountry "HUN"]

1. e4 c5 2. Nf3 Nc6 3. d4 cxd4 4. Nxd4 Nf6 5. Nc3 e5 6. Ndb5 d6 7. Bg5 a6 8. Na3 b5 9. Nd5 Be7 10. Bxf6 Bxf6 11. c3 Bg5 12. Nc2 Ne7 13. Nce3 Bxe3 14. Nxe3 0-0 15. Be2 Be6 16. Bf3 Qb6 17. 0-0 Rad8 18. Qe2 f5 19. exf5 Nxf5 20. Bd5 Bxd5 21. Nxd5 Qb7 22. Qe4 Kh8 23. Rad1 Ne7 24. Rfe1 Nxd5 25. Qxd5 Qb6 26. Rd2 h6 27. h3 b4 28. Re3 a5 29. cxb4 axb4 30. a4 bxa3 31. bxa3 Qb1+ 32. Kh2 Qf1 33. Rf3 Rxf3 34. Qxf3 Qa6 35. Rd3 Qa5 36. Rxd6 e4 37. Rxd8+ Qxd8 38. Qe3 Qd6+ 39. g3 Qa6 40. Qc5 Qa4 41. Kg2 Qa8 42. Qe3 Qa4 43. h4 Qa8 44. Kh3 Qa6 45. Qc5 Qe6+ 46. Kh2 Qa2 47. Kg1 Qb1+ 48. Kg2 Qb3 49. Qa7 Qf3+ 50. Kh2 Qe2 51. a4 Qe1 52. Kg2 Qb4 53. Qa6 Qe1 54. Qb5 Kg8 55. Qb6 Kh8 56. Qb8+ Kh7 57. Qe5 Kh8 58. Qd4 Kh7 59. Qc5 Kh8 60. Qc8+ Kh7 61. Qf5+ Kh8 62. a5 e3 63. fxe3 Qd2+ 64. Kh3 Qxe3 65. a6 Qa7 66. Qc8+ Kh7 67. Qb7 Qf2 68. Qe4+ Kh8 69. Kg4 Qa7 70. Qa4 Kh7 71. Kh3 Kh8 72. Qe8+ Kh7 73. Qe4+ Kh8 74. Qe6 Kh7 75. g4 Qa8 76. Kg3 Qb8+ 77. Kf3 Qa7 78. g5 hxg5 79. hxg5 Qb8 80. g6+ Kh6 81. Qh3+ Kxg6 82. Qg3+ 1-0

[Event "HUN-ch U16"]
[Site "Balatonlelle"]
[Date "2005.07.07"]
[Round "9"]
[White "Marodi, Matyas"]
[Black "Keresztes, Balazs"]
[Result "1/2-1/2"]
[WhiteElo "2168"]
[BlackElo "2029"]
[PlyCount "33"]
[EventDate "2005.06.29"]
[EventType "swiss"]
[EventRounds "9"]
[EventCountry "HUN"]
[SourceTitle "EXT 2008"]
[Source "ChessBase"]
[SourceDate "2007.11.25"]
[SourceVersion "1"]
[SourceVersionDate "2007.11.25"]
[SourceQuality "1"]

1. c4 g6 2. Nc3 c5 3. Nf3 Bg7 4. d4 cxd4 5. Nxd4 Nc6 6. Be3 Nf6 7. Qd2 Ng4 8. Nxc6 dxc6 9. h3 Nxe3 10. Qxe3 Be6 11. Qc5 Qb6 12. Qxb6 axb6 13. e3 0-0 14. Kd2 Rfd8+ 15. Ke2 Bf5 16. e4 Bxc3 17. bxc3 1/2-1/2